000 01158pam a2200277 a 4500
001 3332840
005 19860616000000.0
008 850805s1986 enk d 000 0 eng
010 _a85018456
020 _a0710204299
_c$60.00
040 _aDLC
_cDLC
_dDLC
041 0 _aengara
050 0 0 _aTA9
_b.A73 1986
082 0 0 _a624.03927
_219
_bARA
245 0 0 _aArabic Dictionary of Civil Engineering :
_bEnglish-Arabic, Arabic-English /
_ccompiled by Multi-lingual International Publishers ; under the general editorship of Ernest Kay.
260 _aLondon ;
_aBoston :
_bRoutledge & Kegan Paul,
_cc1986.
300 _a152, 104 p. ;
_c24 cm.
650 0 _aCivil engineering
_xDictionaries.
_97160
650 0 _aEnglish language
_xDictionaries
_xArabic.
_97161
650 0 _aCivil engineering
_xDictionaries
_xArabic.
_97162
650 0 _aArabic language
_xDictionaries
_xEnglish.
_97163
700 1 _aKay, Ernest.
_97164
710 2 _aMulti-lingual International Publishers.
_97165
942 _2ddc
_cREFERENCE
999 _c12093
_d12093